AVANI SAMRAT LOKSHAHIR PATHE BAPURAO (Record no. 858313)

MARC details
000 -LEADER
fixed length control field 00275nam a2200109Ia 4500
008 - FIXED-LENGTH DATA ELEMENTS--GENERAL INFORMATION
fixed length control field 230822s2010 xx 000 0 und d
041 ## - LANGUAGE CODE
Language code of text/sound track or separate title eng
100 ## - MAIN ENTRY--PERSONAL NAME
Personal name MORE SHAMRAO
245 ## - TITLE STATEMENT
Title AVANI SAMRAT LOKSHAHIR PATHE BAPURAO
260 ## - PUBLICATION, DISTRIBUTION, ETC.
Name of publisher, distributor, etc. VIJAYA MADHAV AADKAR
Date of publication, distribution, etc. 2010
300 ## - PHYSICAL DESCRIPTION
Extent 200

No items available.